000 00510nam a22001937a 4500
003 MPLRDC
005 20220104195807.0
008 210129b ||||| |||| 00| 0 eng d
020 _a978-957-32-7083-6
082 _a874.57 GRI v.3
100 _aJOHN GRISHAM
245 _a西奥律师事务所3
_c蔡忠琦 译
250 _a初版四刷
260 _a台湾
_b远流出版事业股份有限公司
_c2015
300 _b
490 _a绿蠹鱼
650 _a美国文学
942 _cBK
_o874.57 GRI v.3
999 _c66353
_d66343